Olympique de Marseille - Tous les joueurs (2010-2020) - Statistiques

Statistiques générales
  • Ce quiz a été pris 8 517 fois
    3 263 depuis la dernière actualisation
  • Le résultat moyen est 36 sur 111
Statistiques - réponses
Saisons Nationalité Joueur Nb de matchs % Correct
2013-2015, 2016-2020 France Dimitri Payet 171
96%
2010-2016, 2017-2020 France Steve Mandanda 315
94%
2013-2020 France Florian Thauvin 191
93%
2016-2020 Japon Hiroki Sakai 116
79%
2010-2015 Ghana André Ayew 151
73%
2010-2015 France André-Pierre Gignac 155
73%
2010-2014 Ghana Jordan Ayew 107
73%
2017-2019 Grèce Kostas Mitroglou 33
70%
2016-2020 France Maxime Lopez 109
67%
2017-2020 France Valère Germain 96
66%
2015-2020 France Yohann Pelé 61
60%
2010-2014 France Mathieu Valbuena 136
59%
2017-2020 Brésil Luiz Gustavo 67
58%
2015-2019 Portugal Rolando 90
55%
2014-2016, 2017-2019 Argentine Lucas Ocampos 96
54%
2017-2019 France Adil Rami 49
52%
2010-2011 Sénégal Mamadou Niang 2
51%
2011-2016 Cameroun Nicolas Nkoulou 162
51%
2015-2020 France Bouna Sarr 134
50%
2018-2020 Croatie Duje Caleta-Car 43
50%
2019-2020 France Valentin Rongier 16
50%
2016-2020 France Boubacar Kamara 61
49%
2015-2017 France Lassana Diarra 37
46%
2016-2020 France Morgan Sanson 110
46%
2015-2018 Cameroun André-Frank Zambo Anguissa 79
45%
2011-2015 Madagascar Jérémy Morel 120
45%
2010-2011 Nigeria Taye Taiwo 30
45%
2011-2012 France Alou Diarra 19
44%
2016-2018 Brésil Doria 26
43%
2018-2020 Pays-Bas Kevin Strootman 53
43%
2014-2016 Belgique Michy Batshuayi 62
43%
2016-2017 France Bafétimbi Gomis 31
42%
2016-2019 Cameroun Clinton N'Jie 60
42%
2010-2012 Argentine Lucho Gonzalez 55
42%
2010-2014 Sénégal Souleymane Diawara 81
42%
2010-2014 France Benoît Cheyrou 118
41%
2015-2016 Ecosse Steven Fletcher 12
40%
2019-2020 Argentine Dario Benedetto 26
39%
2010-2015, 2016-2017 France Rod Fanni 157
39%
2017-2020 France Jordan Amavi 81
38%
2010-2012 Brésil Brandao 33
37%
2012-2013 Angleterre Joey Barton 25
37%
2014-2017 France Romain Alessandrini 54
37%
2016-2019 Slovaquie Tomas Hubocan 16
37%
2014-2016 Maroc Abdelaziz Barrada 33
36%
2013-2016 France Benjamin Mendy 81
35%
2010-2011 Argentine Gabriel Heinze 31
35%
2018-2019 Italie Mario Balotelli 15
34%
2015-2018 France Rémy Cabella 66
34%
2017-2018 Tunisie Aymen Abdennour 8
33%
2013-2016 Côte d'Ivoire Brice Dja Djédjé 63
33%
2010-2013 Espagne César Azpilicueta 47
33%
2015-2016 France Georges-Kévin Nkoudou 28
33%
2018-2020 Serbie Nemanja Radonjic 38
33%
2019-2020 Espagne Alvaro Gonzalez 20
32%
2010-2013 Burkina Faso Charles Kaboré 76
32%
2015-2017 Pays-Bas Karim Rekik 34
32%
2015-2016 Chili Mauricio Isla 23
32%
2016-2018 France Patrice Evra 15
32%
2013-2014 Congo Brice Samba 1
30%
2010-2013 Cameroun Stéphane Mbia 42
29%
2013-2016 Gabon Mario Lemina 41
28%
2012-2016 Togo Alaixys Romao 106
27%
2010-2011 France Hatem Ben Arfa 1
27%
2010-2013 France Loïc Rémy 68
27%
2015-2016 Brésil Lucas Silva 22
27%
2013-2015 Rép. dém. du Congo Giannelli Imbula 66
26%
2016-2017, 2019-2020 Tunisie Saîf-Eddine Khaoui 16
26%
2016-2018 Cameroun Henri Bedimo 19
25%
2010-2011 France Edouard Cissé 23
24%
2016-2019 France Grégory Sertic 19
24%
2013-2014 Tunisie Saber Khalifa 28
23%
2011-2013 France Morgan Amalfitano 58
22%
2015-2017 France Abou Diaby 5
21%
2015-2016 Espagne Javier Manquillo 31
21%
2012-2014 Comores Kassim Abdallah 23
21%
2015-2016 Italie Paolo De Ceglie 7
21%
2012-2015 Brésil Lucas Mendes 48
18%
2016-2017 France William Vainqueur 29
17%
2014-2015 Nouvelle-Zélande Bill Tuiloma 2
15%
2014-2015 France Baptiste Aloé 14
14%
2014-2016 France Stéphane Sparagna 12
14%
2016-2017 Belgique Aaron Leya Iseka 8
13%
2012-2014 Algérie Foued Kadir 15
12%
2010-2011 Brésil Vitorino Hilton 8
12%
2010-2011 France Fabrice Abriel 22
11%
2014-2015 Arménie Gaël Andonian 1
11%
2019-2020 France Lucas Perrin 4
11%
2019-2020 France Marley Aké 9
11%
2011-2012 Mali Djimi Traoré 11
10%
2016-2017 France Zinédine Machach 10
10%
2017-2018 Turquie Yusuf Sari 1
9%
2011-2013, 2014-2015 France Billel Omrani 6
8%
2012-2013 Sénégal Modou Sougou 14
8%
2012-2013 Comores Rafidine Abdullah 15
8%
2015-2017 France Antoine Rabillard 5
7%
2019-2020 France Isaac Lihadji 2
7%
2010-2011 Sénégal Leyti N'Diaye 4
7%
2014-2015 France Bilal Boutobba 3
6%
2014-2016 France Jérémie Porsan-Clemente 2
6%
2013-2014 France Laurent Abergel 1
6%
2018-2019 France Christopher Rocchia 1
5%
2012-2013 France Fabrice Apruzesse 1
5%
2019-2020 France Florian Chabrolle 1
5%
2012-2013 France Florian Raspentino 7
5%
2011-2012 France Jean-Philippe Sabo 4
3%
2011-2012 France Chris Gadi 3
2%
2013-2014 Ghana Kevin Osei 1
2%
2011-2012 France Momar Bangoura 2
2%
2011-2012 France Wesley Jobello 1
2%
2010-2011 France Guy Gnabouyou 1
1%
Aucun quiz correspondant
Distribution des résultats
% des personnes avec chaque résultat
Percentile par nombre de réponses
Votre historique - résultats
Vous n’avez pas pris ce quiz depuis la dernière actualisation